000 00394nam a2200145Ia 4500
008 240729s9999 xx 000 0 und d
022 _a2092-7193
245 0 _aEpidemiology and Health
260 _aKorea, Republic of
260 _bKorean Society of Epidemiology
650 _aMedicine
856 _uhttps://doaj.org/toc/629921851d204559ab5c78c9b16a4b89
942 _2ddc
942 _cDOAJEJ
999 _c73314
_d73314
945 _a1
_bMadushi Gamage
_c1
_dMadushi Gamage